Analyse spatiale : Les localisations (notice n° 1566723)
[ vue normale ]
| 000 -LEADER | |
|---|---|
| fixed length control field | 00554cam a2200145 4500500 |
| 005 - DATE AND TIME OF LATEST TRANSACTION | |
| control field | 20251214002043.0 |
| 041 ## - LANGUAGE CODE | |
| Language code of text/sound track or separate title | fre |
| 042 ## - AUTHENTICATION CODE | |
| Authentication code | dc |
| 100 10 - MAIN ENTRY--PERSONAL NAME | |
| Personal name | Pumain, Denise |
| Relator term | author |
| 245 00 - TITLE STATEMENT | |
| Title | Analyse spatiale : Les localisations |
| 260 ## - PUBLICATION, DISTRIBUTION, ETC. | |
| Name of publisher, distributor, etc. | Armand Colin,<br/> |
| Date of publication, distribution, etc. | 2010.<br/> |
| 520 ## - SUMMARY, ETC. | |
| Summary, etc. | Information géographique et espace Lieux et distributions de lieux Réseaux et localisation Régions homogènes |
| 700 10 - ADDED ENTRY--PERSONAL NAME | |
| Personal name | Saint-Julien, Thérèse |
| Relator term | author |
| 856 41 - ELECTRONIC LOCATION AND ACCESS | |
| Uniform Resource Identifier | <a href="https://shs.cairn.info/analyse-spatiale--9782200254629?lang=fr&redirect-ssocas=7080">https://shs.cairn.info/analyse-spatiale--9782200254629?lang=fr&redirect-ssocas=7080</a> |
Pas d'exemplaire disponible.




Réseaux sociaux